| 000 | 00596nam a2200193 a 4500 | ||
|---|---|---|---|
| 001 | 000042516 | ||
| 005 | 20201002040215.0 | ||
| 008 | 131205s1990 sp 000 0 spa d | ||
| 020 | _a842063252X | ||
| 040 |
_aDO-SdBNP _bspa _cBNPHU |
||
| 082 |
_axxxx _bxxxx |
||
| 100 | 1 |
_aAyala, Francisco, _d1906- _921959 |
|
| 245 | 1 | 3 |
_aEl escritor en su siglo / _cFrancisco Ayala. |
| 260 |
_aMadrid : _bAlianza, _c1990. |
||
| 300 |
_a523 p. ; _c20 cm. |
||
| 490 | 1 |
_aAlianza tres _v252 |
|
| 500 | _aIncluye datos biográficos del autor en la solapa de la contracubierta. | ||
| 830 | 0 |
_aAlianza tres _n252 _969727 |
|
| 999 |
_c42005 _d42005 |
||